000 00864nam a2200265 i 4500
003 EG-GICUC
005 20260415101300.0
008 260415s1877 fr |||fr|||| 00| 0 fre d
040 _aEG-GiCUC
_bfre
_cEG-GiCUC
_dEG-GiCUC
_eRda
082 0 4 _221
_a343.3043
_bCO
092 0 4 _221
099 _aLaw1 10 343.3043 CO 1877
245 0 0 _aCode De Procédure Pénale Allemand /
_cTraduit Et Annoté Par Fernand Daguin.
264 3 _aParis :
_bImprimerie Nationale,
_c1877.
300 _a536 page ;
_c 24 cm.
336 _2rda contenu
_a texte
337 _2rda medias
_aOrdinateur
338 _2 transporteur rda
_a Ressource en ligne
650 1 _aDroit De Procédure Pénale
_yAllemagne
_2qrmak
650 1 _aDroit Do Pénal
_2qrmak
651 1 _2qrmak
856 4 0 _uhttps://fll.law.cu.edu.eg/fulltext/bks/B10-09282.pdf
905 _a54
942 _2ddc
_cBK
_e21
_n0
999 _c71010
_d71010